| 000 | 00667nam a2200181 i 4500 | ||
|---|---|---|---|
| 001 | 136945 | ||
| 003 | ES-MaACL | ||
| 005 | 20231230063006.0 | ||
| 007 | t| | ||
| 008 | 070214s1941 sp f |||| | spa d | ||
| 100 | 1 |
_aSainz de Robles, Federico Carlos, _d1898-1982 _9101593 |
|
| 245 | 1 | 3 |
_aEl epigrama español _b: (del siglo I al XX) / _cselección, estudio preliminar, retratos literarios y notas bibliográficas de Federico Carlos Sainz de Robles ; ornamentación de Palacios. |
| 260 |
_aMadrid : _bM. Aguilar, _c1941. |
||
| 300 |
_a940 p., 1 lám. ; _c14 cm. |
||
| 650 | 4 |
_aEpigramas españoles. _9143603 |
|
| 852 |
_aES-MaACL _jF-16033 |
||
| 999 |
_c136945 _d136945 |
||